00546nam a2200205Ia 450000500170000000800410001702000150005808200190007324500190009226000380011130000120014965000100016165000140017165000130018565000100019865000160020894200060022495200950023099900150032520241217023156.0240331s9999 xx 000 0 und d a9559052918 bWOM24867a305 0aWomen in focus bCentre for Women's Researchc2000 a135 p., aWomen aEducation aConflict aMedia aEnvironment cL 001040708LaWERCLbWERCLcSSCd2024-03-31l0o 305 WOMp4867r2024-03-31w2024-03-31yL c1498d1498